| 000 | 00362nam a22001337a 4500 | ||
|---|---|---|---|
| 008 | 140129b xxu||||| |||| 00| 0 eng d | ||
| 100 |
_947 _aBlake, John |
||
| 245 |
_aThe ABC of management _cby John Blake & Peter Lawrence. |
||
| 260 |
_aLondon, _bCassell, _cc1989. |
||
| 300 | _a100p. | ||
| 650 | 0 |
_939 _aManagement |
|
| 700 |
_948 _a Lawrence, Peter |
||
| 942 |
_2ddc _cBK |
||
| 999 |
_c29 _d29 |
||